[Event "RF-2012-0-00139"]
[Site "LSS email"]
[Date "2012.12.16"]
[Round "?"]
[White "Boons, Lucien"]
[Black "Camps, Jean Pierre"]
[Result "0-1"]
[WhiteElo "963"]
[BlackElo "1506"]
[PlyCount "36"]
[EventDate "2012.11.02"]
[EventType "tourn (corr)"]
[EventRounds "6"]
[EventCountry "GER"]
[SourceTitle "Corr 2015"]
[Source "ChessBase"]
[SourceDate "2015.07.17"]
[SourceVersion "1"]
[SourceVersionDate "2015.07.17"]
[SourceQuality "1"]

1. Nf3 Nf6 2. d4 g6 3. c4 Bg7 4. Nc3 d5 5. e3 0-0 6. Be2 c5 7. 0-0 cxd4 8. Nxd4 dxc4 9. Bxc4 a6 10. Qf3 Nbd7 11. a3 Nb6 12. Bb3 Qc7 13. h3 e5 14. Nde2 Re8 15. Ne4 Nxe4 16. Qxe4 Bf5 17. Qc2 Bxc2 18. Bxc2 Qxc2 0-1

[Event "RF-2012-0-00139"]
[Site "LSS email"]
[Date "2012.12.16"]
[Round "?"]
[White "Tittarelli, Adriano"]
[Black "Boons, Lucien"]
[Result "0-1"]
[WhiteElo "1054"]
[BlackElo "963"]
[PlyCount "62"]
[EventDate "2012.11.02"]
[EventType "tourn (corr)"]
[EventRounds "6"]
[EventCountry "GER"]
[SourceTitle "Telechess CBM 159"]
[Source "ChessBase"]
[SourceDate "2014.03.17"]
[SourceVersion "1"]
[SourceVersionDate "2014.03.17"]
[SourceQuality "1"]

1. d4 d6 2. Bf4 Nf6 3. e3 Nbd7 4. Nd2 e5 5. dxe5 dxe5 6. Bg5 Be7 7. Ngf3 c6 8. Be2 h6 9. Bxf6 Bxf6 10. Ne4 0-0 11. Qd6 Be7 12. Qd2 Qb6 13. c3 Qc7 14. 0-0 Nf6 15. Nxf6+ Bxf6 16. Rfd1 Be6 17. Qc2 Bd5 18. Rd2 Rad8 19. Rad1 e4 20. Ne1 Rd7 21. Bf1 Rfd8 22. g3 Bg5 23. c4 Be6 24. Rxd7 Rxd7 25. Rxd7 Qxd7 26. Qxe4 Bf5 27. Qe5 Bf6 28. Qb8+ Kh7 29. b3 Qd1 30. Qf4 Bg6 31. Ng2 Bd3 0-1

[Event "SF-2012-0-00181"]
[Site "LSS email"]
[Date "2012.12.10"]
[Round "?"]
[White "Boons, Lucien"]
[Black "Camps, Jean Pierre"]
[Result "0-1"]
[WhiteElo "963"]
[BlackElo "1527"]
[PlyCount "72"]
[EventDate "2012.11.11"]
[EventType "tourn (corr)"]
[EventRounds "6"]
[EventCountry "GER"]
[SourceTitle "Telechess CBM 159"]
[Source "ChessBase"]
[SourceDate "2014.03.17"]
[SourceVersion "1"]
[SourceVersionDate "2014.03.17"]
[SourceQuality "1"]

1. Nf3 Nf6 2. c4 g6 3. Nc3 Bg7 4. d4 d5 5. e3 0-0 6. Bd3 c5 7. dxc5 dxc4 8. Bxc4 Qxd1+ 9. Nxd1 Ne4 10. 0-0 Nd7 11. Nd4 Ndxc5 12. f3 Nd6 13. Be2 Rd8 14. Nc3 Bd7 15. Rb1 e5 16. Nc2 e4 17. Nxe4 Ncxe4 18. fxe4 Bc6 19. Nd4 Bxe4 20. a3 Bxb1 21. Bf3 Rac8 22. Nb3 Bd3 23. Re1 Be4 24. Nd2 Bxf3 25. Nxf3 Rc2 26. Nd4 Bxd4 27. exd4 Re8 28. Rf1 Ree2 29. Bf4 Rxg2+ 30. Kh1 Nf5 31. Re1 Rxb2 32. Re8+ Kg7 33. Re1 f6 34. Rg1 Rgf2 35. Bc7 Nxd4 36. Rxg6+ hxg6 0-1

[Event "SF-2012-0-00181"]
[Site "LSS email"]
[Date "2012.12.09"]
[Round "?"]
[White "Semenov, Zhenya"]
[Black "Boons, Lucien"]
[Result "1-0"]
[WhiteElo "926"]
[BlackElo "963"]
[PlyCount "117"]
[EventDate "2012.11.11"]
[EventType "tourn (corr)"]
[EventRounds "6"]
[EventCountry "GER"]
[SourceTitle "Telechess CBM 159"]
[Source "ChessBase"]
[SourceDate "2014.03.17"]
[SourceVersion "1"]
[SourceVersionDate "2014.03.17"]
[SourceQuality "1"]

1. e4 d5 2. exd5 Qxd5 3. Nf3 c6 4. Be2 Nf6 5. d4 e6 6. c4 Qd8 7. Nc3 Be7 8. 0-0 Nbd7 9. Bf4 0-0 10. a3 Re8 11. Ne5 Rf8 12. Nxd7 Qxd7 13. Bf3 b6 14. d5 exd5 15. cxd5 Bb7 16. d6 Bd8 17. Ne4 Nd5 18. Bg3 Qe6 19. Nc3 Bf6 20. Nxd5 cxd5 21. Re1 Qd7 22. Bg4 Qd8 23. Rb1 h6 24. Bf3 Bh4 25. Bxh4 Qxh4 26. Bxd5 Bxd5 27. Qxd5 Qd8 28. Rbc1 Rc8 29. h3 Qd7 30. Rcd1 Rc5 31. Qd4 Rd8 32. Rd2 Rc6 33. Red1 Kf8 34. b4 b5 35. Qd5 Rb6 36. Qd3 a6 37. Qd4 Rc6 38. Kh2 Re8 39. Rd3 Re6 40. Qf4 Rc4 41. Rd4 Rc3 42. R1d3 Rc6 43. g4 Rf6 44. Qe5 Rxf2+ 45. Kg3 Rf6 46. h4 Re6 47. Qf4 Rc4 48. h5 Rxd4 49. Rxd4 Kg8 50. Rd3 Rf6 51. Qe5 Re6 52. Qc5 Kf8 53. Qc7 Ke8 54. Qb8+ Qd8 55. d7+ Ke7 56. Qa7 g6 57. Qc5+ Kf6 58. hxg6 Kxg6 59. Qc8 1-0

[Event "SF-2012-0-00150"]
[Site "LSS email"]
[Date "2012.06.08"]
[Round "?"]
[White "Schoenbuchner, Gerhard"]
[Black "Boons, Lucien"]
[Result "1-0"]
[WhiteElo "1043"]
[BlackElo "1000"]
[PlyCount "49"]
[EventDate "2012.05.11"]
[EventType "tourn (corr)"]
[EventRounds "6"]
[EventCountry "GER"]
[SourceTitle "Telechess CBM 153"]
[Source "ChessBase"]
[SourceDate "2013.03.14"]
[SourceVersion "1"]
[SourceVersionDate "2013.03.14"]
[SourceQuality "1"]

1. e4 d5 2. exd5 Nf6 3. Nc3 e6 4. dxe6 Bxe6 5. Nf3 c6 6. d4 Be7 7. Be3 0-0 8. Bd3 h6 9. Qd2 Ng4 10. Bf4 Nd7 11. 0-0-0 Qa5 12. h3 Ngf6 13. Kb1 Bb4 14. g4 Bxa2+ 15. Kc1 Bd5 16. Qe3 Bxc3 17. bxc3 Qxc3 18. Bh7+ Nxh7 19. Qxc3 Nhf6 20. g5 Bxf3 21. Qxf3 hxg5 22. Bxg5 a5 23. h4 a4 24. Rhg1 Nd5 25. Bh6 1-0

[Event "SF-2012-0-00150"]
[Site "LSS email"]
[Date "2012.06.08"]
[Round "?"]
[White "Verich, Oleg"]
[Black "Boons, Lucien"]
[Result "1-0"]
[WhiteElo "1112"]
[BlackElo "1000"]
[PlyCount "49"]
[EventDate "2012.05.11"]
[EventType "tourn (corr)"]
[EventRounds "6"]
[EventCountry "GER"]
[SourceTitle "Telechess CBM 153"]
[Source "ChessBase"]
[SourceDate "2013.03.14"]
[SourceVersion "1"]
[SourceVersionDate "2013.03.14"]
[SourceQuality "1"]

1. d4 d5 2. c4 e6 3. Nf3 c6 4. g3 Nf6 5. Bg2 Be7 6. 0-0 0-0 7. Nc3 Nbd7 8. Nd2 b6 9. b3 Bb7 10. Bb2 Ne8 11. e4 dxe4 12. Ncxe4 Ndf6 13. Qc2 Nxe4 14. Bxe4 f5 15. Bg2 Bf6 16. Nf3 Nd6 17. Rad1 Ne4 18. Ne5 Qe7 19. Bxe4 fxe4 20. Qxe4 Rac8 21. Ng4 c5 22. Nxf6+ Rxf6 23. d5 Rd8 24. Bxf6 Qxf6 25. Qxe6+ 1-0

[Event "RF-2012-0-00116"]
[Site "LSS email"]
[Date "2012.04.26"]
[Round "?"]
[White "Boons, Lucien"]
[Black "Werner, Guenter"]
[Result "0-1"]
[WhiteElo "1026"]
[BlackElo "1142"]
[PlyCount "42"]
[EventDate "2012.04.02"]
[EventType "tourn (corr)"]
[EventRounds "6"]
[EventCountry "GER"]
[SourceTitle "Telechess CBM 153"]
[Source "ChessBase"]
[SourceDate "2013.03.14"]
[SourceVersion "1"]
[SourceVersionDate "2013.03.14"]
[SourceQuality "1"]

1. d4 d5 2. c4 c6 3. e3 Nf6 4. Nf3 e6 5. Nc3 Nbd7 6. cxd5 exd5 7. Bd3 Bd6 8. h3 0-0 9. 0-0 Re8 10. Nh2 Ne4 11. Ng4 Re6 12. Nxe4 dxe4 13. Bc4 Rg6 14. Qc2 Nb6 15. Bb3 Bxg4 16. hxg4 Rxg4 17. Qe2 Qh4 18. f4 exf3 19. Qxf3 Bh2+ 20. Kh1 Bg3+ 21. Kg1 Qh2# 0-1

[Event "OP-2011-0-01922"]
[Site "LSS email"]
[Date "2011.12.06"]
[Round "?"]
[White "Boons, Lucien"]
[Black "Vontina, Maria"]
[Result "0-1"]
[WhiteElo "1197"]
[BlackElo "758"]
[PlyCount "148"]
[EventDate "2011.12.03"]
[EventType "tourn (corr)"]
[EventRounds "4"]
[EventCountry "GER"]
[SourceTitle "Telechess CBM 157"]
[Source "ChessBase"]
[SourceDate "2013.11.12"]
[SourceVersion "1"]
[SourceVersionDate "2013.11.12"]
[SourceQuality "1"]

1. e4 c5 2. Nc3 Nc6 3. f4 d6 4. Nf3 Nf6 5. Bc4 a6 6. 0-0 g6 7. Ng5 e6 8. a3 Bg7 9. d3 0-0 10. h3 b5 11. Ba2 Nd4 12. Rb1 Bb7 13. Be3 Nc6 14. Ne2 Qe7 15. c3 Na5 16. b4 cxb4 17. axb4 Nc6 18. Nf3 Rfc8 19. Rc1 Nd7 20. d4 Nd8 21. e5 dxe5 22. fxe5 Nb6 23. Qd2 Nc4 24. Bxc4 Rxc4 25. Qe1 Rac8 26. Qf2 R4c7 27. Bd2 Bd5 28. Ne1 Nb7 29. Nf4 Bc4 30. Nfd3 Rf8 31. Nc2 Rcc8 32. Na3 Bxd3 33. Rfe1 Bc4 34. Nxc4 Rxc4 35. Ra1 Ra8 36. Rf1 Rcc8 37. Qf3 Nd8 38. Kh2 Nb7 39. Rac1 Rf8 40. Rce1 Qd7 41. Ra1 a5 42. bxa5 Rxa5 43. Rfb1 Rfa8 44. Rxa5 Rxa5 45. c4 Ra4 46. cxb5 Rxd4 47. Bf4 Rd5 48. b6 Bxe5 49. Bxe5 Rxe5 50. Rd1 Rd5 51. Ra1 Qd6+ 52. Kh1 Qxb6 53. Qf6 Rd8 54. Rf1 Rf8 55. Qe7 Nd6 56. Qh4 Nf5 57. Qf4 Qe3 58. Qxe3 Nxe3 59. Rf3 Nf5 60. Kh2 Rd8 61. g4 Rd2+ 62. Kg1 Nh4 63. Rf2 Rxf2 64. Kxf2 f5 65. gxf5 exf5 66. Kg3 g5 67. Kh2 Kf7 68. Kg3 Ke6 69. Kf2 Ke5 70. Kg3 Ke4 71. Kf2 h5 72. Ke2 f4 73. Kf2 g4 74. hxg4 hxg4 0-1

[Event "LSS No Engine Cup 52 Preliminary 1"]
[Site "LSS email"]
[Date "2011.10.18"]
[Round "?"]
[White "Roggensack, Hans Peter"]
[Black "Boons, Lucien"]
[Result "1-0"]
[WhiteElo "1600"]
[BlackElo "1600"]
[PlyCount "77"]
[EventDate "2011.10.19"]
[EventType "tourn (corr)"]
[EventRounds "6"]
[EventCountry "GER"]
[SourceTitle "Corr 2022"]
[Source "ChessBase"]
[SourceDate "2021.10.24"]
[SourceVersion "1"]
[SourceVersionDate "2021.10.24"]
[SourceQuality "1"]

1. e4 e5 2. Nf3 d6 3. d4 exd4 4. Nxd4 Nf6 5. Nc3 Nbd7 6. Be2 Nc5 7. f3 Be7 8. Be3 0-0 9. Qd2 a6 10. 0-0-0 c6 11. g4 h6 12. h4 Ne6 13. Nf5 Nh7 14. Nxe7+ Qxe7 15. Qxd6 Qxd6 16. Rxd6 Nf6 17. Na4 Ne8 18. Rd2 b5 19. Nc5 N8c7 20. Rd6 Nxc5 21. Bxc5 Re8 22. Rhd1 Ne6 23. Be3 c5 24. g5 h5 25. c4 b4 26. R1d5 Bb7 27. Re5 Rac8 28. g6 Nd4 29. Bxd4 cxd4 30. gxf7+ Kxf7 31. Rd7+ Kg8 32. Rxe8+ Rxe8 33. Rxb7 Rd8 34. Kd2 a5 35. Kd3 g6 36. e5 Re8 37. Ke4 d3 38. Bxd3 Re6 39. c5 1-0

[Event "CP-2011-P-00030"]
[Site "LSS email"]
[Date "2011.09.30"]
[Round "?"]
[White "Boons, Lucien"]
[Black "Baroin, Bernard"]
[Result "0-1"]
[WhiteElo "1000"]
[BlackElo "2124"]
[PlyCount "46"]
[EventDate "2011.10.01"]
[EventType "tourn (corr)"]
[EventRounds "6"]
[EventCountry "GER"]
[SourceTitle "Telechess CBM 165"]
[Source "ChessBase"]
[SourceDate "2015.03.11"]
[SourceVersion "1"]
[SourceVersionDate "2015.03.11"]
[SourceQuality "1"]

1. e4 e5 2. Nf3 Nc6 3. Bc4 Bc5 4. d3 Nf6 5. 0-0 0-0 6. c3 d6 7. h3 a6 8. Bg5 h6 9. Bh4 Ba7 10. b4 g5 11. Bg3 Qd7 12. Nbd2 b5 13. Bb3 g4 14. hxg4 Qxg4 15. Nh2 Qxg3 16. c4 Nxb4 17. Qf3 Qxf3 18. Nhxf3 Nxd3 19. cxb5 axb5 20. Nh4 Ng4 21. g3 Bxf2+ 22. Kg2 Ne3+ 23. Kf3 Bg4# 0-1

[Event "CP-2011-P-00030"]
[Site "LSS email"]
[Date "2011.09.30"]
[Round "?"]
[White "Boons, Lucien"]
[Black "Bartsch, Christian"]
[Result "0-1"]
[WhiteElo "1000"]
[BlackElo "1871"]
[PlyCount "74"]
[EventDate "2011.10.01"]
[EventType "tourn (corr)"]
[EventRounds "6"]
[EventCountry "GER"]
[SourceTitle "Telechess CBM 165"]
[Source "ChessBase"]
[SourceDate "2015.03.11"]
[SourceVersion "1"]
[SourceVersionDate "2015.03.11"]
[SourceQuality "1"]

1. d4 Nf6 2. c4 e6 3. Nc3 Bb4 4. Qb3 c5 5. a3 Bxc3+ 6. Qxc3 cxd4 7. Qxd4 Nc6 8. Qd1 d5 9. e3 0-0 10. cxd5 Nxd5 11. Nf3 e5 12. Bc4 Be6 13. Ba2 e4 14. Nd4 Qg5 15. Nxe6 Qxg2 16. Nxf8 Qxh1+ 17. Ke2 Qf3+ 18. Ke1 Qxd1+ 19. Kxd1 Kxf8 20. Bxd5 Rd8 21. Ke2 Rxd5 22. Bd2 Rh5 23. Rh1 Ke7 24. Bc3 f6 25. h3 Ke6 26. f4 b6 27. Kf2 Ne7 28. Kg3 Rd5 29. Rc1 Rd3 30. Kf2 Nd5 31. Bd4 Nxf4 32. exf4 Rxd4 33. Ke3 Kd5 34. Rc3 Rc4 35. h4 Rxc3+ 36. bxc3 f5 37. h5 b5 0-1

[Event "CP-2011-P-00030"]
[Site "LSS email"]
[Date "2011.09.30"]
[Round "?"]
[White "Boons, Lucien"]
[Black "Simik, Frantisek"]
[Result "0-1"]
[WhiteElo "1000"]
[BlackElo "729"]
[PlyCount "80"]
[EventDate "2011.10.01"]
[EventType "tourn (corr)"]
[EventRounds "6"]
[EventCountry "GER"]
[SourceTitle "Telechess CBM 165"]
[Source "ChessBase"]
[SourceDate "2015.03.11"]
[SourceVersion "1"]
[SourceVersionDate "2015.03.11"]
[SourceQuality "1"]

1. c4 c5 2. Nc3 Nc6 3. e3 e6 4. Nf3 d5 5. cxd5 exd5 6. d4 cxd4 7. Nxd4 Nf6 8. Bb5 Bd7 9. 0-0 a6 10. Bxc6 bxc6 11. Qd3 g6 12. Nce2 c5 13. Nf3 Bb5 14. Qc2 Bg7 15. Re1 Rc8 16. Nf4 0-0 17. Qb3 c4 18. Qd1 Ne4 19. Nd4 Be8 20. f3 Nf6 21. Bd2 a5 22. b3 c3 23. Bc1 Bd7 24. Nc2 Bf5 25. Ba3 Re8 26. Nd4 Be6 27. Nfxe6 fxe6 28. Qc2 Qb6 29. Kh1 e5 30. Ne2 d4 31. exd4 exd4 32. Ng3 Qb5 33. Red1 Nd5 34. Nf1 Re2 35. Qd3 Qxd3 36. Rxd3 Nf4 37. Rxd4 Bxd4 38. Bd6 Nxg2 39. Ng3 Rb2 40. Rd1 c2 0-1

[Event "CP-2011-P-00030"]
[Site "LSS email"]
[Date "2011.09.30"]
[Round "?"]
[White "Franks, Keith"]
[Black "Boons, Lucien"]
[Result "1-0"]
[WhiteElo "2078"]
[BlackElo "1000"]
[PlyCount "35"]
[EventDate "2011.10.01"]
[EventType "tourn (corr)"]
[EventRounds "6"]
[EventCountry "GER"]
[SourceTitle "Corr 2015"]
[Source "ChessBase"]
[SourceDate "2015.07.17"]
[SourceVersion "1"]
[SourceVersionDate "2015.07.17"]
[SourceQuality "1"]

1. e4 e5 2. Nf3 d6 3. d4 Nf6 4. dxe5 Nxe4 5. Bc4 Be7 6. Qd5 0-0 7. Qxe4 dxe5 8. 0-0 h6 9. Bxh6 Qd6 10. Be3 Nc6 11. Nc3 Be6 12. Rad1 Qb4 13. Nd5 Bxd5 14. Rxd5 a6 15. Nxe5 Nxe5 16. Rxe5 b5 17. Rh5 g6 18. Qxg6# 1-0

[Event "LSS No Engine Cup 49 Preliminary 2"]
[Site "LSS email"]
[Date "2011.08.26"]
[Round "?"]
[White "Ferenc, Moser"]
[Black "Boons, Lucien"]
[Result "0-1"]
[WhiteElo "1033"]
[BlackElo "1253"]
[PlyCount "38"]
[EventDate "2011.08.27"]
[EventType "tourn (corr)"]
[EventRounds "6"]
[EventCountry "GER"]
[SourceTitle "Telechess CBM 149"]
[Source "ChessBase"]
[SourceDate "2012.07.17"]
[SourceVersion "1"]
[SourceVersionDate "2012.07.17"]
[SourceQuality "1"]

1. d4 d5 2. c4 e6 3. Nc3 c6 4. Nf3 Nf6 5. cxd5 cxd5 6. Bg5 Be7 7. Rc1 0-0 8. e3 h6 9. Bh4 Nc6 10. Be2 a6 11. 0-0 Bd7 12. Bd3 Rc8 13. Qe2 Nb4 14. Bb1 Nc6 15. a3 Nh7 16. Qd3 f5 17. Bg3 Nf6 18. Be5 Ne4 19. b4 Bf6 0-1

[Event "OP-2011-0-01721"]
[Site "LSS email"]
[Date "2011.08.16"]
[Round "?"]
[White "Tittarelli, Adriano"]
[Black "Boons, Lucien"]
[Result "1-0"]
[WhiteElo "1180"]
[BlackElo "1238"]
[PlyCount "69"]
[EventDate "2011.08.13"]
[EventType "tourn (corr)"]
[EventRounds "4"]
[EventCountry "GER"]
[SourceTitle "Telechess CBM 151"]
[Source "ChessBase"]
[SourceDate "2012.11.13"]
[SourceVersion "1"]
[SourceVersionDate "2012.11.13"]
[SourceQuality "1"]

1. d4 c6 2. Bf4 d5 3. Nf3 Nf6 4. e3 Ne4 5. Nbd2 Nxd2 6. Qxd2 Nd7 7. c3 e6 8. Bd3 Be7 9. h4 Nf6 10. Ne5 0-0 11. g4 Ne4 12. Bxe4 Bf6 13. Bc2 Bxh4 14. g5 Bxg5 15. Bxh7+ Kh8 16. Bc2+ Kg8 17. Qe2 Qf6 18. Qh5 Bh6 19. Bxh6 gxh6 20. Ke2 Rd8 21. Rag1+ Kf8 22. Qxh6+ Qxh6 23. Rxh6 Ke7 24. Rg7 Rf8 25. Rhh7 a6 26. Rxf7+ Rxf7 27. Rxf7+ Ke8 28. Rh7 Kd8 29. Ba4 a5 30. c4 Ra6 31. c5 Ra8 32. Nf7+ Kc7 33. Nd6+ Kb8 34. Nxc8 Kxc8 35. Rh8+ 1-0

[Event "OP-2011-0-01721"]
[Site "LSS email"]
[Date "2011.08.16"]
[Round "?"]
[White "Vodicka, Milan"]
[Black "Boons, Lucien"]
[Result "1-0"]
[WhiteElo "1811"]
[BlackElo "1238"]
[PlyCount "29"]
[EventDate "2011.08.13"]
[EventType "tourn (corr)"]
[EventRounds "4"]
[EventCountry "GER"]
[SourceTitle "Corr 2015"]
[Source "ChessBase"]
[SourceDate "2015.07.17"]
[SourceVersion "1"]
[SourceVersionDate "2015.07.17"]
[SourceQuality "1"]

1. d4 c6 2. c4 d5 3. Nf3 Nf6 4. Nc3 Bg4 5. Ne5 Bf5 6. cxd5 Nxd5 7. Qb3 Qb6 8. Nxd5 cxd5 9. e4 e6 10. Bb5+ Nc6 11. exf5 Bd6 12. fxe6 0-0 13. exf7+ Kh8 14. Ng6+ hxg6 15. Qh3# 1-0

[Event "OP-2011-0-01696"]
[Site "LSS email"]
[Date "2011.08.01"]
[Round "?"]
[White "Boons, Lucien"]
[Black "Chiriffe, Rosa"]
[Result "0-1"]
[WhiteElo "1238"]
[BlackElo "1473"]
[PlyCount "40"]
[EventDate "2011.07.30"]
[EventType "tourn (corr)"]
[EventRounds "4"]
[EventCountry "GER"]
[SourceTitle "Telechess CBM 151"]
[Source "ChessBase"]
[SourceDate "2012.11.13"]
[SourceVersion "1"]
[SourceVersionDate "2012.11.13"]
[SourceQuality "1"]

1. e4 c5 2. Nf3 d6 3. b3 Nf6 4. d3 g6 5. Bb2 Bg7 6. Be2 Nc6 7. 0-0 0-0 8. Nbd2 Qc7 9. h3 Rd8 10. Nc4 d5 11. exd5 Nxd5 12. Bxg7 Kxg7 13. Qd2 e5 14. Ne3 Nf4 15. Qe1 b6 16. Ng4 Bb7 17. Nfh2 Nd4 18. Bf3 Nxh3+ 19. gxh3 Bxf3 20. Qe3 Ne2+ 0-1

[Event "ZI-2011-0-01053"]
[Site "LSS email"]
[Date "2011.07.17"]
[Round "?"]
[White "Hammerschmidt, Volker"]
[Black "Boons, Lucien"]
[Result "1-0"]
[WhiteElo "1543"]
[BlackElo "1201"]
[PlyCount "87"]
[EventDate "2011.07.12"]
[EventType "match (corr)"]
[EventRounds "2"]
[EventCountry "GER"]
[SourceTitle "Telechess CBM 147"]
[Source "ChessBase"]
[SourceDate "2012.03.16"]
[SourceVersion "1"]
[SourceVersionDate "2012.03.16"]
[SourceQuality "1"]

1. c4 d5 2. d4 e5 3. dxe5 d4 4. Nf3 Nc6 5. a3 Nge7 6. b4 Ng6 7. Bb2 Ngxe5 8. Nxe5 Nxe5 9. e3 Bg4 10. Qxd4 Qxd4 11. Bxd4 Nc6 12. Bc3 f6 13. Be2 Bxe2 14. Kxe2 Bd6 15. Nd2 0-0-0 16. Nf3 Rhf8 17. Rhd1 a6 18. Rd3 Ne5 19. Nxe5 fxe5 20. c5 Be7 21. Rxd8+ Bxd8 22. Bxe5 g6 23. f4 Kd7 24. Rd1+ Kc6 25. Kd3 Kb5 26. Kc3 Kc6 27. a4 b6 28. cxb6 cxb6 29. Rd6+ Kb7 30. Rd7+ Kc8 31. Rxh7 Bf6 32. Rc7+ Kd8 33. Rc6 Bxe5+ 34. fxe5 Rf2 35. Rxb6 Rxg2 36. Rxa6 g5 37. Rg6 Ke7 38. a5 Rxh2 39. Rxg5 Re2 40. b5 Rxe3+ 41. Kd4 Re1 42. a6 Rb1 43. a7 Rxb5 44. a8Q 1-0

[Event "OP-2011-0-01655"]
[Site "LSS email"]
[Date "2011.07.12"]
[Round "?"]
[White "Boons, Lucien"]
[Black "Zmolil, Karel"]
[Result "0-1"]
[WhiteElo "1201"]
[BlackElo "1028"]
[PlyCount "84"]
[EventDate "2011.07.10"]
[EventType "tourn (corr)"]
[EventRounds "4"]
[EventCountry "GER"]
[SourceTitle "Telechess CBM 147"]
[Source "ChessBase"]
[SourceDate "2012.03.16"]
[SourceVersion "1"]
[SourceVersionDate "2012.03.16"]
[SourceQuality "1"]

1. Nf3 d5 2. c4 e6 3. e3 c6 4. Nc3 b6 5. cxd5 exd5 6. d4 Bd6 7. g3 Nf6 8. Bg2 0-0 9. 0-0 Bg4 10. Qd3 Re8 11. Ne2 Qd7 12. Ng5 h6 13. Nf3 Ne4 14. Nd2 Nxd2 15. Bxd2 g5 16. f3 Bf5 17. e4 Bg6 18. Nc3 dxe4 19. fxe4 Be5 20. Be3 c5 21. Rad1 Rd8 22. Ne2 cxd4 23. Nxd4 Nc6 24. Rf2 Bxd4 25. Rfd2 Bxe3+ 26. Qxe3 Qe8 27. Qc3 Rxd2 28. Rxd2 Rc8 29. Qf6 Qe5 30. Rd6 Qxf6 31. Rxf6 Ne5 32. Rf1 Rc2 33. h3 Rxb2 34. Ra1 a5 35. a4 Rb4 36. Rd1 Rxa4 37. Rd5 f6 38. Rd6 Kg7 39. Rxb6 Bxe4 40. Bxe4 Rxe4 41. Kf2 Rb4 42. Rb7+ Rxb7 0-1